000 00522nam a2200193Ia 4500
003 OSt
005 20221007082817.0
006 a|||||r|||| 00| 0
007 ta
008 221006b |||||||| |||| 00| 0 eng d
024 _a22,945
037 _cDissertations
040 _aFLL
_cFLL
_beng
041 _2eng
_aeng
100 _aKale Siddharth Prakash
_9699522
245 0 _aAutonomy of domestic arbitral process from courts in India
942 _cDIS
_2CC
999 _c1167803
_d1167803